Feminismo y arte latinoamericano. Historias de artistas que emanciparon el cuerpo.
שמור ב:
| מחבר ראשי: | |
|---|---|
| פורמט: | ספר |
| שפה: | ספרדית |
| יצא לאור: |
Ciudad Autónoma de Buenos Aires, Argentina:
Siglo Veintiuno Editores,
2018.
|
| מהדורה: | Primera edición. |
| סדרה: | Arte y pensamiento.
|
| נושאים: | |
| תגים: |
הוספת תג
אין תגיות, היה/י הראשונ/ה לתייג את הרשומה!
|
MARC
| LEADER | 00000cam a2200000 a 4500 | ||
|---|---|---|---|
| 001 | UCC4716 | ||
| 003 | CL-VaPUC | ||
| 005 | 20250407202433.0 | ||
| 008 | 180824t20180000ag |||||||||||||||||spa|d | ||
| 999 | |c 372134 |d 372132 | ||
| 020 | |a 978-987-629-823-0X | ||
| 040 | |c Pontificia Universidad Católica de Valparaíso | ||
| 082 | 0 | 4 | |a 709.8 GIU 2018 |2 21 |
| 100 | |a Giunta, Andrea |e autor |9 602732 | ||
| 245 | 1 | 0 | |a Feminismo y arte latinoamericano. |b Historias de artistas que emanciparon el cuerpo. |
| 250 | |a Primera edición. | ||
| 260 | |a Ciudad Autónoma de Buenos Aires, Argentina: |b Siglo Veintiuno Editores, |c 2018. | ||
| 300 | |a 295 páginas. | ||
| 490 | |a Arte y pensamiento. | ||
| 500 | |a c.2-3: Instituto Arcos. 08-01-2025 | ||
| 583 | |a last modification |c 20180824 13:39:00 |k Rodrigo Vera | ||
| 650 | 0 | |a Feminismo |9 259085 |x Historia del arte |z América Latina | |
| 650 | 0 | |a Mujeres en el arte |9 352297 |x Aspectos sociales |z América Latina | |
| 942 | |c BK |2 ddc |n 0 | ||
| 945 | |d 20180824 13:39:00 |a dcastane | ||
| 952 | |0 0 |1 0 |3 erb |4 0 |6 709_800000000000000_GIU_2018 |7 0 |8 A |9 489406 |a BIBART |b BIBART |i 549088K |l 5 |m 2 |o 709.8 GIU 2018 |p 549088K |r 2025-03-13 |s 2024-09-27 |w 2019-11-24 |y BK |z Catalogado en:20180824 |k ART | ||
| 952 | |0 0 |1 0 |2 ddc |4 0 |6 709_800000000000000_GIU_2018 |7 0 |8 A |9 601805 |a BIBINC |b BIBINC |d 2025-03-24 |f Instituto |i 5666673 |o 709.8 GIU 2018 |p 5666673 |r 2025-03-24 |t 2 |w 2025-03-24 |y BK |k IFP | ||
| 952 | |0 0 |1 0 |2 ddc |4 0 |6 709_800000000000000_GIU_2018 |7 0 |8 A |9 601806 |a BIBINC |b BIBINC |d 2025-03-24 |e Instituto Arcos |i 5666674 |o 709.8 GIU 2018 |p 5666674 |r 2025-03-24 |t 3 |w 2025-03-24 |y BK |k IFP | ||